[Event "26. Copenhagen Open  (Politiken Cup)"]
[Site "Taastrup"]
[Date "2004.07.28"]
[Round "6"]
[White "Radovic, Slobodan"]
[Black "Barr, Steven"]
[Result "0-1"]
[WhiteElo "1382"]
[BlackElo "1712"]
[PlyCount "50"]
[EventDate "2004.07.24"]
[EventType "swiss"]
[EventRounds "10"]
[EventCountry "DEN"]
[SourceDate "2004.01.01"]

1. d4 Nf6 2. Nf3 d5 3. Bf4 c5 4. e3 Qb6 5. b3 e6 6. c3 Nc6 7. Bd3 Be7 8. Nbd2
O-O 9. h4 cxd4 10. exd4 Nh5 11. Bxh7+ Kxh7 12. Ng5+ Kg6 13. Be3 e5 14. g4 Nf4
15. Bxf4 exf4 16. Qf3 Bxg5 17. hxg5 Re8+ 18. Kf1 Bd7 19. Rh5 Nxd4 20. cxd4 Qxd4
21. Rd1 Bb5+ 22. Nc4 Bxc4+ 23. bxc4 Qxc4+ 24. Kg1 Qe2 25. Qb3 Qxg4+ 0-1

[Event "26. Copenhagen Open  (Politiken Cup)"]
[Site "Taastrup"]
[Date "2004.07.28"]
[Round "6"]
[White "Ramme, Christoph"]
[Black "Holst, Allan"]
[Result "0-1"]
[WhiteElo "2089"]
[BlackElo "2358"]
[PlyCount "102"]
[EventDate "2004.07.24"]
[EventType "swiss"]
[EventRounds "10"]
[EventCountry "DEN"]
[SourceDate "2004.01.01"]

1. d4 e6 2. Nf3 Nf6 3. e3 b6 4. Nbd2 Bb7 5. Bd3 d5 6. O-O Nbd7 7. Qe2 Be7 8. e4
dxe4 9. Nxe4 O-O 10. Nxf6+ Bxf6 11. c3 c5 12. Rd1 cxd4 13. cxd4 g6 14. Bh6 Bg7
15. Bxg7 Kxg7 16. Ne5 Nf6 17. Ba6 Qd5 18. Bxb7 Qxb7 19. Rd3 Rad8 20. Qd2 Qd5
21. a3 h5 22. Rc1 Rc8 23. Qe3 Qe4 24. Rdc3 Rxc3 25. Qxc3 Nd5 26. Qd2 Ne7 27. f3
Qb7 28. Rc4 Rc8 29. Qc3 Nd5 30. Qc1 Rxc4 31. Qxc4 Qc7 32. Kf2 Qe7 33. g3 a5 34.
Qc2 Qg5 35. f4 Qd8 36. Nc4 h4 37. Ne3 hxg3+ 38. hxg3 Qh8 39. Kf3 Qh5+ 40. Ke4
f5+ 41. Ke5 Qf3 42. Kxe6 Nxe3 43. Qc7+ Kh6 44. Qd8 Qc6+ 45. Qd6 Qe8+ 46. Qe7
Qxe7+ 47. Kxe7 Kh5 48. Kd6 Kg4 49. b4 Kxg3 50. b5 Kxf4 51. Kc6 Nc4 0-1

[Event "26. Copenhagen Open  (Politiken Cup)"]
[Site "Taastrup"]
[Date "2004.07.28"]
[Round "6"]
[White "Rasmussen, Henning"]
[Black "Svendsen, Mads Bilde"]
[Result "0-1"]
[WhiteElo "1767"]
[BlackElo "2151"]
[PlyCount "46"]
[EventDate "2004.07.24"]
[EventType "swiss"]
[EventRounds "10"]
[EventCountry "DEN"]
[SourceDate "2004.01.01"]

1. d4 g6 2. c4 Bg7 3. Nc3 d6 4. e4 Nc6 5. Be3 e5 6. Nge2 f5 7. dxe5 dxe5 8.
Qxd8+ Nxd8 9. f3 Bh6 10. Bxh6 Nxh6 11. O-O-O Ne6 12. b3 Bd7 13. g3 O-O-O 14.
Bg2 Rhf8 15. Rd2 c6 16. Rhd1 Nc5 17. Kc2 fxe4 18. Nxe4 Nxe4 19. fxe4 Ng4 20.
Kc1 Ne3 21. Rg1 Rf2 22. Bh1 Bg4 23. Rxd8+ Kxd8 0-1

[Event "26. Copenhagen Open  (Politiken Cup)"]
[Site "Taastrup"]
[Date "2004.07.28"]
[Round "6"]
[White "Richards, Heather"]
[Black "Marder, Simon"]
[Result "1-0"]
[WhiteElo "2219"]
[BlackElo "2054"]
[PlyCount "49"]
[EventDate "2004.07.24"]
[EventType "swiss"]
[EventRounds "10"]
[EventCountry "DEN"]
[SourceDate "2004.01.01"]

1. e4 d5 2. exd5 Qxd5 3. Nc3 Qa5 4. Bc4 c6 5. h3 Nf6 6. Qe2 Bf5 7. Nf3 e6 8.
O-O Nbd7 9. a3 O-O-O 10. d4 h6 11. Bf4 Nd5 12. Bxd5 exd5 13. b4 Qa6 14. b5 Qa5
15. bxc6 bxc6 16. Rab1 Bxa3 17. Rb3 Rhe8 18. Qd3 Nb6 19. Ra1 Nc4 20. Qd1 g5 21.
Bg3 Re7 22. Nb1 Rde8 23. Nxa3 g4 24. Nxc4 dxc4 25. Rb8+ 1-0

[Event "26. Copenhagen Open  (Politiken Cup)"]
[Site "Taastrup"]
[Date "2004.07.28"]
[Round "6"]
[White "Roder, Peter"]
[Black "Sammalvuo, Niina"]
[Result "0-1"]
[WhiteElo "2166"]
[BlackElo "2268"]
[PlyCount "96"]
[EventDate "2004.07.24"]
[EventType "swiss"]
[EventRounds "10"]
[EventCountry "DEN"]
[SourceDate "2004.01.01"]

1. d4 Nf6 2. c4 e6 3. Nc3 Bb4 4. e3 O-O 5. Bd3 d5 6. Nge2 c5 7. O-O cxd4 8.
exd4 dxc4 9. Bxc4 Nc6 10. Bg5 Be7 11. Rc1 b6 12. Re1 Bb7 13. Bb3 Rc8 14. Qd3 h6
15. Bf4 Bd6 16. Rcd1 Nb4 17. Qh3 Bxf4 18. Nxf4 Nbd5 19. Ncxd5 Nxd5 20. Nd3 Qf6
21. Bxd5 Bxd5 22. Nb4 Bb7 23. Qe3 Rc4 24. Nd3 Qxd4 25. Qxd4 Rxd4 26. Ne5 Rxd1
27. Rxd1 Rc8 28. h3 Bd5 29. a3 Kf8 30. Rd2 Ke7 31. f3 f6 32. Ng6+ Kd6 33. Kf2
Rc1 34. Nf4 g5 35. Nd3 Rc8 36. Ke3 a5 37. g3 Rc4 38. Ne1 e5 39. Rc2 Rxc2 40.
Nxc2 Kc5 41. f4 Kc4 42. fxe5 fxe5 43. Kd2 Be4 44. Ne3+ Kd4 45. g4 Bg6 46. Nf5+
Bxf5 47. gxf5 Kd5 48. Ke3 e4 0-1

[Event "26. Copenhagen Open  (Politiken Cup)"]
[Site "Taastrup"]
[Date "2004.07.28"]
[Round "6"]
[White "Rossen, Claus"]
[Black "Lfstrand, Johannes"]
[Result "1-0"]
[WhiteElo "2168"]
[BlackElo "1856"]
[PlyCount "113"]
[EventDate "2004.07.24"]
[EventType "swiss"]
[EventRounds "10"]
[EventCountry "DEN"]
[SourceDate "2004.01.01"]

1. e4 e5 2. Nc3 Nf6 3. f4 d5 4. fxe5 Nxe4 5. d3 Nxc3 6. bxc3 d4 7. Nf3 c5 8.
Be2 Nc6 9. O-O dxc3 10. Qe1 Nd4 11. Bd1 Be6 12. Qxc3 Nxf3+ 13. Bxf3 Bd5 14. Rb1
Be7 15. a4 O-O 16. a5 f6 17. Bf4 Kh8 18. e6 Re8 19. Rxb7 Bxb7 20. Bxb7 Bd6 21.
Bxa8 Bxf4 22. Rxf4 Qxa8 23. Re4 Qd5 24. Qc4 Qd6 25. d4 f5 26. Qb5 Qd8 27. e7
Qc8 28. Re5 cxd4 29. Rc5 Qa8 30. Rc7 h6 31. Qb7 Qxb7 32. Rxb7 a6 33. Kf2 Kg8
34. Ke2 Kf7 35. Kd3 Rxe7 36. Rb6 Rc7 37. Rxa6 Rc3+ 38. Kd2 Ra3 39. Kc1 d3 40.
cxd3 Rxd3 41. Rb6 Ra3 42. a6 g5 43. Rxh6 g4 44. g3 Ra4 45. Kb2 f4 46. gxf4 Kg7
47. Kb3 Rxf4 48. a7 Rf3+ 49. Kb4 Kxh6 50. a8=Q Kg5 51. Qd5+ Kf4 52. Qd6+ Kg5
53. Kc4 g3 54. Qd5+ Kg4 55. h3+ Kf4 56. Qd4+ Kg5 57. Qg4+ 1-0

[Event "26. Copenhagen Open  (Politiken Cup)"]
[Site "Taastrup"]
[Date "2004.07.28"]
[Round "6"]
[White "Royset, Paal"]
[Black "Nilssen, John Arni"]
[Result "0-1"]
[WhiteElo "2232"]
[BlackElo "2414"]
[PlyCount "36"]
[EventDate "2004.07.24"]
[EventType "swiss"]
[EventRounds "10"]
[EventCountry "DEN"]
[SourceDate "2004.01.01"]

1. e4 c5 2. c3 Qa5 3. Nf3 Nc6 4. Bc4 Nf6 5. Qe2 e5 6. Ng5 Nd8 7. f4 d6 8. O-O
Be7 9. d4 cxd4 10. cxd4 Bg4 11. Bb5+ Nc6 12. Qd3 O-O 13. Bxc6 bxc6 14. fxe5
dxe5 15. Qg3 Be2 16. Rf5 h6 17. dxe5 Nh5 18. Qc3 Bb4 0-1

[Event "26. Copenhagen Open  (Politiken Cup)"]
[Site "Taastrup"]
[Date "2004.07.28"]
[Round "6"]
[White "Sadvakasov, Darmen"]
[Black "Backelin, Rikard"]
[Result "1-0"]
[WhiteElo "2626"]
[BlackElo "2292"]
[PlyCount "107"]
[EventDate "2004.07.24"]
[EventType "swiss"]
[EventRounds "10"]
[EventCountry "DEN"]
[SourceDate "2004.01.01"]

1. e4 e6 2. d4 d5 3. Nc3 Nf6 4. Bg5 Bb4 5. e5 h6 6. Bd2 Bxc3 7. bxc3 Ne4 8. Qg4
g6 9. Bd3 Nxd2 10. Kxd2 c5 11. Nf3 Bd7 12. dxc5 Qe7 13. Nd4 Bc6 14. Nb5 Bxb5
15. Bxb5+ Nc6 16. Bxc6+ bxc6 17. Rab1 Qxc5 18. Qd4 Qe7 19. h4 O-O 20. Qe3 Kg7
21. h5 g5 22. f4 f6 23. exf6+ Qxf6 24. Rb7+ Kg8 25. Re1 Rf7 26. Rxf7 Kxf7 27.
fxg5 Qxg5 28. Qxg5 hxg5 29. g4 Rb8 30. a3 Rb6 31. a4 Ra6 32. Ra1 Ra5 33. Kd3
Kf6 34. Kd4 e5+ 35. Kd3 Kg7 36. Ra3 Kh6 37. c4 Rc5 38. Rc3 Ra5 39. cxd5 cxd5
40. Rc6+ Kh7 41. Rc7+ Kh6 42. Rc6+ Kh7 43. c4 Rxa4 44. cxd5 Rd4+ 45. Ke3 Rxg4
46. Rc2 Rf4 47. d6 Rf8 48. Ke4 Kh6 49. Rh2 g4 50. Kxe5 g3 51. Rg2 Rg8 52. d7
Kxh5 53. Rxg3 Rxg3 54. d8=Q 1-0

[Event "26. Copenhagen Open  (Politiken Cup)"]
[Site "Taastrup"]
[Date "2004.07.28"]
[Round "6"]
[White "Sagafos, Magne"]
[Black "Skovgaard, Tom"]
[Result "1-0"]
[WhiteElo "2242"]
[BlackElo "2079"]
[PlyCount "49"]
[EventDate "2004.07.24"]
[EventType "swiss"]
[EventRounds "10"]
[EventCountry "DEN"]
[SourceDate "2004.01.01"]

1. e4 Nf6 2. e5 Nd5 3. d4 d6 4. c4 Nb6 5. f4 dxe5 6. fxe5 Nc6 7. Be3 Bf5 8. Nc3
e6 9. Nf3 Bg4 10. Qd2 Bb4 11. Be2 Qe7 12. a3 Bxc3 13. Qxc3 a5 14. O-O a4 15.
Rad1 O-O 16. d5 exd5 17. cxd5 Nxe5 18. Bc5 Nxf3+ 19. Bxf3 Qd7 20. Bxg4 Qxg4 21.
Bxf8 Rxf8 22. Qxc7 Nc4 23. h3 Qe4 24. Rfe1 Ne3 25. Qg3 1-0

[Event "26. Copenhagen Open  (Politiken Cup)"]
[Site "Taastrup"]
[Date "2004.07.28"]
[Round "6"]
[White "Schlecht, Daniel"]
[Black "Hammer, Jon Ludvig"]
[Result "1-0"]
[WhiteElo "2363"]
[BlackElo "2095"]
[PlyCount "97"]
[EventDate "2004.07.24"]
[EventType "swiss"]
[EventRounds "10"]
[EventCountry "DEN"]
[SourceDate "2004.01.01"]

1. d4 d5 2. c4 c6 3. Nf3 Nf6 4. e3 a6 5. Bd3 b5 6. b3 Bg4 7. Nbd2 dxc4 8. bxc4
e5 9. O-O exd4 10. exd4 Be7 11. Qc2 O-O 12. Bb2 bxc4 13. Bxc4 Nd5 14. Ne5 Be6
15. Qb3 Ra7 16. Rfe1 Qc8 17. Qg3 Nd7 18. Ne4 f6 19. Nd3 N7b6 20. Bb3 Bf7 21.
Nd6 Bxd6 22. Qxd6 Qb8 23. Qxb8 Rxb8 24. Rac1 Rc8 25. Ba3 a5 26. Bc5 Rac7 27. g3
a4 28. Bd1 Bg6 29. Nb4 Nxb4 30. Bxb4 Nd5 31. Bc5 Ra8 32. a3 Bd3 33. Bg4 f5 34.
Bf3 Bb5 35. Re5 g6 36. Rxd5 Be2 37. Rxf5 gxf5 38. Bxe2 Kf7 39. Bc4+ Kf6 40. Re1
Rb7 41. Re6+ Kg7 42. Rxc6 Re8 43. Kg2 h6 44. Re6 Rd8 45. Ra6 Re8 46. Rxa4 Rd8
47. Ra7 Rdd7 48. Rxb7 Rxb7 49. a4 1-0

[Event "26. Copenhagen Open  (Politiken Cup)"]
[Site "Taastrup"]
[Date "2004.07.28"]
[Round "6"]
[White "Schou Moldt, Thomas"]
[Black "Skjoldan, Benjamin"]
[Result "1-0"]
[WhiteElo "2248"]
[BlackElo "2080"]
[PlyCount "49"]
[EventDate "2004.07.24"]
[EventType "swiss"]
[EventRounds "10"]
[EventCountry "DEN"]
[SourceDate "2004.01.01"]

1. e4 c5 2. Nf3 e6 3. c3 Nf6 4. e5 Nd5 5. d4 cxd4 6. cxd4 d6 7. a3 Bd7 8. Bd3
Bc6 9. O-O Nd7 10. Re1 Qc7 11. Qe2 Be7 12. Bd2 Rc8 13. Nc3 Nxc3 14. Bxc3 O-O
15. Rac1 Rfd8 16. exd6 Bxd6 17. Ne5 Bd5 18. Bxh7+ Kf8 19. Bd2 Qb8 20. Qh5 Bxe5
21. dxe5 Bb3 22. Bb4+ Ke8 23. Bd6 Rxc1 24. Rxc1 Qa8 25. Bd3 1-0

[Event "26. Copenhagen Open  (Politiken Cup)"]
[Site "Taastrup"]
[Date "2004.07.28"]
[Round "6"]
[White "Serrano, Jose Manuel Garcia"]
[Black "Moberg, Jan Rune"]
[Result "0-1"]
[WhiteElo "1988"]
[BlackElo "1525"]
[PlyCount "64"]
[EventDate "2004.07.24"]
[EventType "swiss"]
[EventRounds "10"]
[EventCountry "DEN"]
[SourceDate "2004.01.01"]

1. e4 e5 2. f4 d5 3. exd5 c6 4. d6 Bxd6 5. Nc3 Nf6 6. fxe5 Bxe5 7. Nf3 Bxc3 8.
bxc3 O-O 9. Be2 Ne4 10. Rb1 b5 11. Bb2 Bf5 12. d3 Nf6 13. O-O Be6 14. c4 bxc4
15. Ng5 Nd5 16. Nxe6 fxe6 17. Qd2 Rxf1+ 18. Kxf1 Nd7 19. dxc4 N5f6 20. Rd1 Qc8
21. Qg5 Qf8 22. Bf3 Rb8 23. Bc3 e5 24. Bxe5 Re8 25. Bd6 Qf7 26. Qf4 Qe6 27. g4
Nb6 28. Rd2 Qxc4+ 29. Qxc4+ Nxc4 30. Rd1 Ne3+ 31. Ke2 Nxd1+ 32. Kxd1 Rd8 0-1

[Event "26. Copenhagen Open  (Politiken Cup)"]
[Site "Taastrup"]
[Date "2004.07.28"]
[Round "6"]
[White "Sigurdsson, Thorgeir"]
[Black "Danielsen, Dag"]
[Result "0-1"]
[WhiteElo "1200"]
[BlackElo "1905"]
[PlyCount "64"]
[EventDate "2004.07.24"]
[EventType "swiss"]
[EventRounds "10"]
[EventCountry "DEN"]
[SourceDate "2004.01.01"]

1. e4 c5 2. Nf3 e6 3. d4 cxd4 4. Nxd4 a6 5. Be2 Nf6 6. Qd3 Qc7 7. O-O Nc6 8.
Nc3 Ne5 9. Qg3 h5 10. Bf4 d6 11. Bxe5 dxe5 12. Nb3 Bd7 13. Qe3 Bb4 14. f3 Rc8
15. Nd1 Qxc2 16. Bd3 Qc7 17. Rc1 Qxc1 18. Qxc1 Rxc1 19. Nxc1 g5 20. Ne3 Ke7 21.
Nc4 Bc5+ 22. Kh1 Bd4 23. b3 b5 24. Nd2 Rc8 25. Ne2 Be3 26. Rd1 g4 27. Nf1 Bb6
28. Rc1 gxf3 29. gxf3 Rg8 30. h4 Bf2 31. Rc7 Kd6 32. Ra7 Bxa7 0-1

[Event "26. Copenhagen Open  (Politiken Cup)"]
[Site "Taastrup"]
[Date "2004.07.28"]
[Round "6"]
[White "Skjoldager, Flemming"]
[Black "Jorgensen, Mikkel"]
[Result "1-0"]
[WhiteElo "2088"]
[BlackElo "1680"]
[PlyCount "90"]
[EventDate "2004.07.24"]
[EventType "swiss"]
[EventRounds "10"]
[EventCountry "DEN"]
[SourceDate "2004.01.01"]

1. Nf3 Nf6 2. d4 d6 3. Bf4 g6 4. e3 Bg7 5. h3 Nbd7 6. Nbd2 c5 7. c3 a6 8. Be2
O-O 9. a4 b6 10. O-O Bb7 11. Re1 Rc8 12. Qb3 Qc7 13. Rad1 cxd4 14. exd4 Bd5 15.
Qc2 Nb8 16. Qb1 Qd7 17. Qa1 Nh5 18. Bh2 Bh6 19. c4 Bb7 20. d5 Nf4 21. Bf1 e6
22. Ne4 f5 23. dxe6 Qe7 24. Nxd6 Bxf3 25. Nxc8 Nxh3+ 26. gxh3 Qg5+ 27. Bg3 f4
28. h4 Qg4 29. Ne7+ Kh8 30. b3+ Bg7 31. Rd4 fxg3 32. Rxg4 gxf2+ 33. Kxf2 Bxg4+
34. Kg3 Bxa1 35. Kxg4 Bc3 36. Rd1 Kg7 37. Nd5 h5+ 38. Kh3 Bf6 39. Bg2 Re8 40.
Nxf6 Kxf6 41. Bd5 a5 42. Rf1+ Ke7 43. Rf7+ Kd6 44. Rg7 Na6 45. Rxg6 Nc5 1-0

[Event "26. Copenhagen Open  (Politiken Cup)"]
[Site "Taastrup"]
[Date "2004.07.28"]
[Round "6"]
[White "Skovgaard, Peter Nicolai"]
[Black "Mortensen, Henrik"]
[Result "1/2-1/2"]
[WhiteElo "2116"]
[BlackElo "2018"]
[PlyCount "157"]
[EventDate "2004.07.24"]
[EventType "swiss"]
[EventRounds "10"]
[EventCountry "DEN"]
[SourceDate "2004.01.01"]

1. e4 e6 2. d3 b6 3. g3 Bb7 4. Bg2 c5 5. Qe2 Nc6 6. c3 g6 7. Nf3 Bg7 8. O-O
Nge7 9. e5 O-O 10. Na3 d6 11. d4 cxd4 12. cxd4 dxe5 13. dxe5 Nd4 14. Nxd4 Bxg2
15. Rd1 Bd5 16. Bg5 Qd7 17. Rac1 Rac8 18. Nab5 Nc6 19. Nxc6 Rxc6 20. Rxc6 Qxc6
21. Rc1 Bf3 22. Rxc6 Bxe2 23. Nd4 Bd3 24. f4 Re8 25. Rc7 Bf8 26. Kf2 a6 27. Ke3
Bf1 28. Nc6 Bc5+ 29. Kd2 b5 30. b4 Bf8 31. Ne7+ Bxe7 32. Bxe7 Bc4 33. a3 Bd5
34. Ke3 Kg7 35. h4 h5 36. Kd4 Ra8 37. Kc5 Bb3 38. Kb6 Kg8 39. Ka5 Kg7 40. Bc5
Kg8 41. Ba7 Ba4 42. Kxa6 Rd8 43. Rc3 Kf8 44. Bc5+ Ke8 45. Bb6 Rd1 46. Rc8+ Ke7
47. Bc5+ Kd7 48. Rf8 Kc6 49. Rxf7 Ra1 50. Bd6 Rxa3 51. Rc7+ Kd5 52. Kb6 Rxg3
53. Be7 Ke4 54. Bg5 Rb3 55. Ka5 Kd5 56. Rc5+ Ke4 57. Rc1 Kd5 58. Rd1+ Ke4 59.
Rd8 Ra3 60. Rf8 Kd5 61. Rf6 Bc2+ 62. Kxb5 Bd3+ 63. Kb6 Rb3 64. Kc7 Rxb4 65. Rf7
Rc4+ 66. Kd8 Ra4 67. Rd7+ Ke4 68. Ke7 Bc4 69. Kf6 Be2 70. Kxg6 Bg4 71. Rc7 Ra8
72. Bf6 Kxf4 73. Rc4+ Kf3 74. Bg7 Ra7 75. Rc6 Rb7 76. Rc8 Ra7 77. Bf6 Rd7 78.
Rh8 Kf4 79. Kh6 1/2-1/2

[Event "26. Copenhagen Open  (Politiken Cup)"]
[Site "Taastrup"]
[Date "2004.07.28"]
[Round "6"]
[White "Soraas, Torben"]
[Black "Bae, Torstein"]
[Result "0-1"]
[WhiteElo "2107"]
[BlackElo "2269"]
[PlyCount "130"]
[EventDate "2004.07.24"]
[EventType "swiss"]
[EventRounds "10"]
[EventCountry "DEN"]
[SourceDate "2004.01.01"]

1. e4 c5 2. Nc3 Nc6 3. g3 g6 4. d3 Bg7 5. Be3 d6 6. Qd2 Nd4 7. Bg2 Qa5 8. Nge2
Nxe2 9. Nxe2 Qxd2+ 10. Kxd2 Bxb2 11. Rab1 Bg7 12. e5 Rb8 13. exd6 exd6 14. d4
b6 15. dxc5 dxc5 16. Bc6+ Bd7 17. Bxd7+ Kxd7 18. Bxc5 Nf6 19. Bd4 Ne4+ 20. Kc1
Bxd4 21. Nxd4 Rbc8 22. f3 Nc3 23. Rb3 Rc4 24. Nb5 Nxa2+ 25. Kb1 Ra4 26. Rd1+
Ke7 27. Nc3 Nxc3+ 28. Rxc3 Kf6 29. Rd7 Rf8 30. Rcc7 Rb4+ 31. Kc1 a5 32. Rc6+
Kg7 33. Rb7 Rd4 34. Rbxb6 Re8 35. Rb7 Re5 36. Rcc7 Rf5 37. f4 h5 38. Rd7 Ra4
39. Ra7 Ra1+ 40. Kb2 Rg1 41. Rd2 h4 42. gxh4 Rg4 43. Rf2 Rxh4 44. Rd7 Rfxf4 45.
Rxf4 Rxf4 46. Rd2 g5 47. Kb3 a4+ 48. Ka3 Rc4 49. Kb2 Kg6 50. c3 f5 51. Kc2 g4
52. Kd3 Rc8 53. Ra2 Ra8 54. c4 f4 55. Ke4 Kg5 56. c5 Re8+ 57. Kd3 f3 58. c6 Rc8
59. Rc2 g3 60. hxg3 Kg4 61. Ke3 Kxg3 62. Rc5 Re8+ 63. Kd2 a3 64. Ra5 f2 65.
Rxa3+ Kg2 0-1

[Event "26. Copenhagen Open  (Politiken Cup)"]
[Site "Taastrup"]
[Date "2004.07.28"]
[Round "6"]
[White "Stolberg Rohr, Thomine"]
[Black "Jensen, Sren"]
[Result "0-1"]
[WhiteElo "2043"]
[BlackElo "1609"]
[PlyCount "76"]
[EventDate "2004.07.24"]
[EventType "swiss"]
[EventRounds "10"]
[EventCountry "DEN"]
[SourceDate "2004.01.01"]

1. e4 c6 2. d4 d5 3. f3 e6 4. Be3 dxe4 5. fxe4 Qh4+ 6. Bf2 Qxe4+ 7. Ne2 Nf6 8.
Nd2 Qd5 9. Nc3 Qa5 10. Nc4 Qd8 11. Bd3 Bb4 12. O-O O-O 13. Qf3 Nbd7 14. Ne2 Re8
15. Bh4 Be7 16. Ne5 c5 17. g4 cxd4 18. Nxd7 Bxd7 19. Qh3 e5 20. Bxf6 Bxf6 21.
Qxh7+ Kf8 22. h3 Bc6 23. Ng3 Re6 24. Nf5 Ke8 25. Qg8+ Kd7 26. Qxf7+ Be7 27.
Nxg7 Rh6 28. Bf5+ Kd6 29. Bg6 Rxh3 30. Qe6+ Kc7 31. Qxe5+ Kb6 32. Nf5 Rh1+ 33.
Kf2 Bh4+ 34. Nxh4 Qxh4+ 35. Ke2 Qxg4+ 36. Kd3 Qxg6+ 37. Kc4 Qxc2+ 38. Kb4 Qxb2+
0-1

[Event "26. Copenhagen Open  (Politiken Cup)"]
[Site "Taastrup"]
[Date "2004.07.28"]
[Round "6"]
[White "Sondergaard, Bent Hvid"]
[Black "Lie, Terje"]
[Result "0-1"]
[WhiteElo "1488"]
[BlackElo "1094"]
[PlyCount "70"]
[EventDate "2004.07.24"]
[EventType "swiss"]
[EventRounds "10"]
[EventCountry "DEN"]
[SourceDate "2004.01.01"]

1. d4 Nf6 2. Nf3 e6 3. e3 d5 4. Bd3 c5 5. c3 Nc6 6. Nbd2 Qc7 7. O-O b6 8. Re1
Bb7 9. dxc5 Bxc5 10. e4 dxe4 11. Nxe4 Nxe4 12. Bxe4 O-O 13. Bxh7+ Kh8 14. Bc2
Rad8 15. Qe2 g6 16. b4 Bd6 17. Qe3 Be7 18. Qh6+ Kg8 19. Ng5 Bxg5 20. Bxg5 f6
21. Qxg6+ Qg7 22. Qxg7+ Kxg7 23. Be3 Rc8 24. Bb3 e5 25. Rad1 Rc7 26. Rd2 Ne7
27. c4 Nf5 28. g3 Rh8 29. Red1 Rh7 30. Rd7+ Kg6 31. Rxh7 Rxh7 32. h4 Bf3 33.
Rd2 Nxh4 34. Bc2+ e4 35. Rd4 Nf5 0-1

[Event "26. Copenhagen Open  (Politiken Cup)"]
[Site "Taastrup"]
[Date "2004.07.28"]
[Round "6"]
[White "Thomassen, Joachim"]
[Black "Asbjornsson, Sverrir"]
[Result "1-0"]
[WhiteElo "1462"]
[BlackElo "1000"]
[PlyCount "65"]
[EventDate "2004.07.24"]
[EventType "swiss"]
[EventRounds "10"]
[EventCountry "DEN"]
[SourceDate "2004.01.01"]

1. Nf3 Nf6 2. c4 g6 3. d4 d5 4. cxd5 Nxd5 5. e4 Nb6 6. Nc3 Bg7 7. Be3 O-O 8.
Be2 Bg4 9. O-O N8d7 10. h3 Bxf3 11. Bxf3 c6 12. Be2 e5 13. f4 exd4 14. Bxd4 Re8
15. e5 Nf8 16. Ne4 Ne6 17. Nd6 Re7 18. Be3 Nc8 19. Nxc8 Qxc8 20. Qc2 Nc7 21.
Bg4 Qe8 22. Bc5 Nd5 23. Bxe7 Ne3 24. Qc5 Nxf1 25. Kxf1 b6 26. Qd6 Bf8 27. Bxf8
Qxf8 28. Qxf8+ Kxf8 29. Rd1 h5 30. Bf3 Rc8 31. Rd6 c5 32. Rd7 a6 33. Bb7 1-0

[Event "26. Copenhagen Open  (Politiken Cup)"]
[Site "Taastrup"]
[Date "2004.07.28"]
[Round "6"]
[White "Thorgeirsson, Sverrir"]
[Black "Andersson, Christin"]
[Result "1/2-1/2"]
[WhiteElo "1360"]
[BlackElo "2196"]
[PlyCount "118"]
[EventDate "2004.07.24"]
[EventType "swiss"]
[EventRounds "10"]
[EventCountry "DEN"]
[SourceDate "2004.01.01"]

1. e4 e6 2. d4 d5 3. exd5 exd5 4. Bd3 Bd6 5. Nc3 c6 6. Nge2 Nf6 7. Bg5 O-O 8.
Qd2 b5 9. a3 Na6 10. O-O b4 11. Bxa6 bxc3 12. Qd3 cxb2 13. Rab1 Bxh2+ 14. Kh1
Bd6 15. Bxc8 Rxc8 16. Rxb2 h6 17. Bh4 Qe7 18. Ng3 Bxa3 19. Ra2 Bd6 20. Nf5 Qe6
21. Nxd6 Qxd6 22. Rxa7 Rce8 23. Bxf6 Qxf6 24. Ra6 Re4 25. c3 Rfe8 26. g3 h5 27.
Kg2 h4 28. Rh1 hxg3 29. Qxg3 Qf5 30. Rh4 Rxh4 31. Qxh4 Qc8 32. Ra2 Re4 33. Qh3
Qxh3+ 34. Kxh3 g5 35. Ra6 Re6 36. Kg4 f6 37. Kf5 Kf7 38. Ra7+ Re7 39. Ra6 Rc7
40. f3 Kg7 41. Rb6 Kf7 42. Ra6 Ke7 43. Rb6 c5 44. Re6+ Kd8 45. Rxf6 cxd4 46.
cxd4 Ke7 47. Rg6 Rc3 48. Ke5 Rxf3 49. Rxg5 Ra3 50. Rg7+ Kd8 51. Kxd5 Ra5+ 52.
Kd6 Ra6+ 53. Ke5 Rh6 54. d5 Ra6 55. Rf7 Rh6 56. Rf5 Kd7 57. Rf7+ Kd8 58. Rg7
Ra6 59. d6 Ra1 1/2-1/2

[Event "26. Copenhagen Open  (Politiken Cup)"]
[Site "Taastrup"]
[Date "2004.07.28"]
[Round "6"]
[White "Tidman, Sophie E"]
[Black "Abrahamsson, Daniel"]
[Result "1-0"]
[WhiteElo "2133"]
[BlackElo "1803"]
[PlyCount "53"]
[EventDate "2004.07.24"]
[EventType "swiss"]
[EventRounds "10"]
[EventCountry "DEN"]
[SourceDate "2004.01.01"]

1. e4 d5 2. exd5 Nf6 3. d4 Nxd5 4. Nf3 Bg4 5. c4 Nf6 6. Be2 e6 7. O-O Be7 8. h3
Bh5 9. Nc3 c6 10. Re1 O-O 11. Bf4 Bd6 12. Bg5 Be7 13. Qd2 h6 14. Bf4 Na6 15.
Rad1 Bb4 16. Ne5 Bxe2 17. Qxe2 Qa5 18. Rd3 Rad8 19. Rg3 Kh8 20. Rd1 Bxc3 21.
bxc3 c5 22. Qf3 cxd4 23. Bxh6 Qxe5 24. Bxg7+ Kh7 25. Bxf6 dxc3 26. Bxe5 c2 27.
Qh5# 1-0

[Event "26. Copenhagen Open  (Politiken Cup)"]
[Site "Taastrup"]
[Date "2004.07.28"]
[Round "6"]
[White "Tuomainen, Jari"]
[Black "Bering, Anders"]
[Result "1/2-1/2"]
[WhiteElo "1767"]
[BlackElo "2084"]
[PlyCount "141"]
[EventDate "2004.07.24"]
[EventType "swiss"]
[EventRounds "10"]
[EventCountry "DEN"]
[SourceDate "2004.01.01"]

1. Nf3 Nf6 2. d4 e6 3. e3 b6 4. g3 Bb7 5. Bg2 c5 6. c3 Be7 7. O-O O-O 8. Nbd2
d6 9. b3 Nbd7 10. Bb2 Rc8 11. c4 cxd4 12. Nxd4 Bxg2 13. Kxg2 d5 14. cxd5 Nxd5
15. Rc1 Rxc1 16. Qxc1 Qa8 17. Qc6 Ne5 18. Qxa8 Rxa8 19. N4f3 Nd3 20. Bd4 N5b4
21. a4 Nc2 22. Nc4 Nxd4 23. Nxd4 Rc8 24. Rd1 Nc5 25. Kf3 Nxa4 26. Ra1 Nc3 27.
Rxa7 Bc5 28. Rb7 Nd5 29. Nb5 Kf8 30. e4 Nf6 31. Nxb6 Bxb6 32. Rxb6 Nd7 33. Rb7
Ne5+ 34. Kf4 Nd3+ 35. Ke3 Nc5 36. Rxf7+ Kxf7 37. Nd6+ Kf6 38. Nxc8 Nxb3 39. Nb6
Na5 40. h4 Nc6 41. Nd7+ Ke7 42. Nc5 Kf6 43. Nd3 h6 44. f4 g5 45. hxg5+ hxg5 46.
Nc5 gxf4+ 47. Kxf4 e5+ 48. Kg4 Nd4 49. Kh5 Ne2 50. g4 Nf4+ 51. Kh6 Nh3 52. Nd7+
Ke6 53. Nc5+ Kf6 54. Nd3 Ng5 55. Nf2 Nf7+ 56. Kh5 Ng5 57. Kh4 Nf3+ 58. Kg3 Ng5
59. Kg2 Ne6 60. Kf3 Kg5 61. Nd3 Kf6 62. Ke3 Ng5 63. Ne1 Ne6 64. Nf3 Nc5 65. g5+
Kg6 66. Nxe5+ Kxg5 67. Nf3+ Kf6 68. e5+ Kf5 69. Kd4 Nd7 70. Kd5 Nxe5 71. Nxe5
1/2-1/2

[Event "26. Copenhagen Open  (Politiken Cup)"]
[Site "Taastrup"]
[Date "2004.07.28"]
[Round "6"]
[White "Tuomisto, Keijo"]
[Black "Al Saad, Mofid"]
[Result "1/2-1/2"]
[WhiteElo "1951"]
[BlackElo "1493"]
[PlyCount "75"]
[EventDate "2004.07.24"]
[EventType "swiss"]
[EventRounds "10"]
[EventCountry "DEN"]
[SourceDate "2004.01.01"]

1. e4 Nf6 2. Nc3 d5 3. exd5 Nxd5 4. Qf3 e6 5. Bc4 Nf6 6. Nge2 Nc6 7. O-O Ne5 8.
Bb5+ c6 9. Qg3 Bd6 10. Ba4 Neg4 11. f4 h5 12. h3 h4 13. Qf3 Qb6+ 14. d4 Nh6 15.
Be3 Nf5 16. Bf2 Qc7 17. d5 b5 18. Bb3 exd5 19. Rfe1 O-O 20. Nd4 Bxf4 21. Nxf5
Bxf5 22. Bxh4 Be4 23. Nxe4 Nxe4 24. c3 Nd2 25. Qg4 Nxb3 26. axb3 Rfe8 27. Bf6
Bh6 28. b4 g6 29. Qd4 Qb6 30. Kf1 Qxd4 31. Bxd4 Rxe1+ 32. Kxe1 a6 33. Ke2 Bg7
34. Kd3 f5 35. Bxg7 Kxg7 36. Kd4 Re8 37. Kd3 Ra8 38. Kd4 1/2-1/2